Personnalités ayant le plus participé aux concerts des Enfoirés - Statistiques

Statistiques générales
  • Ce quiz a été pris 39 fois
  • Le résultat moyen est 7 sur 15
Statistiques - réponses
Participation Célébrités % Correct
27 Goldman
86%
33 Bruel
80%
27 Mathy
77%
24 Laroque
54%
29 Zazie
54%
21 Palmade
51%
27 Fiori
49%
23 Aubert
43%
20 Jenifer
40%
28 Jones
40%
22 Le forestier
31%
22 Foly
23%
20 Keim
20%
23 Mc solaar
14%
22 Pester
6%
Aucun quiz correspondant
Distribution des résultats
% des personnes avec chaque résultat
Percentile par nombre de réponses
Votre historique - résultats
Vous n’avez pas pris ce quiz